| 000 | 00463nam a2200157Ia 4500 | ||
|---|---|---|---|
| 008 | 210716s2009 xx 000 0 und d | ||
| 020 | _a9780070677494 | ||
| 041 | _aeng | ||
| 082 | _a670.42 DUNN | ||
| 100 | _aDunn, William C. | ||
| 245 | _aFundamentals of industrial instrumentation and process control. | ||
| 250 | _a1 | ||
| 260 |
_aNew Delhi _bTata McGraw Hill Publishing Company Ltd _c2009 |
||
| 300 | _axiv,322 | ||
| 650 | _aProduction Tech/Metalworking ( | ||
| 999 |
_c205302 _d205302 |
||